000 00581nam a22001817a 4500
999 _c183993
_d183993
005 20220420152315.0
010 _aENG-131054
020 _a978-93-52839-20-9
_c485.00
035 _aEN-114586
037 _bDBAD
082 _a485
100 _aSingh, Meena
245 _aICSE ART OF EFFECTIVE ENGLISH WRITING:
_cMeena Singh, O.P. Singh
_bFOR CLASSES IX-X/
260 _aNew Delhi
_bS Chand School Books
_c2013
270 _bNew Delhi
_aA-27, 2nd Floor, Mohan Co-operative Industrial Estate
_e110044
300 _a522p.
_c23cm(pbk)
942 _2ddc
_cEN
_h485
_mMEE